[Event "Pilsen Open 2025 - B INGEM IM Round Robi"]
[Site "Parkhotel Plzen ****, Plzen"]
[Date "2025.03.16"]
[Round "2.4"]
[White "Arias Gaviria, Mario Alexis"]
[Black "Avadhoot, Lokesh Bhakti Brahme"]
[Result "1-0"]
[WhiteElo "2284"]
[BlackElo "2001"]
[PlyCount "79"]
[EventDate "2025.03.15"]

1. d4 Nf6 2. Nf3 e6 3. g3 d5 4. Bg2 Be7 5. O-O O-O 6. b3 b5 7. Ne5 Bb7 8. c4
bxc4 9. bxc4 Nbd7 10. Nc3 Rb8 11. Rb1 Ba8 12. Rxb8 Nxb8 13. Qa4 a6 14. Bf4 Qe8
15. Qa5 Nc6 16. Nxc6 Qxc6 17. Rc1 Qb6 18. Bxc7 Qxd4 19. Na4 dxc4 20. Be5 Qd8
21. Qxd8 Rxd8 22. Bxa8 Rxa8 23. Rxc4 h6 24. Nb6 Rd8 25. Nc8 Bf8 26. Bxf6 gxf6
27. e3 Rd1+ 28. Kg2 Rd2 29. a4 Rb2 30. Na7 Rb4 31. Rxb4 Bxb4 32. Nc6 Bd6 33. g4
Kf8 34. f4 Ke8 35. Kf3 Kd7 36. Nd4 Bc5 37. Ke4 Bxd4 38. exd4 Kc6 39. h4 Kd6 40.
h5 1-0

[Event "Pilsen Open 2025 - B INGEM IM Round Robi"]
[Site "Parkhotel Plzen ****, Plzen"]
[Date "2025.03.16"]
[Round "2.5"]
[White "Boehme, Sebastian"]
[Black "Nemitz, Alfred"]
[Result "0-1"]
[WhiteElo "2271"]
[BlackElo "2264"]
[PlyCount "64"]
[EventDate "2025.03.15"]

1. e4 e5 2. Nf3 Nc6 3. Nc3 Nf6 4. Bb5 Nd4 5. Nxe5 Qe7 6. f4 Nxb5 7. Nxb5 d5 8.
exd5 Nxd5 9. c4 Nb6 10. O-O Nxc4 11. Qa4 Nxe5 12. Nxc7+ Kd8 13. Nxa8 Nd3 14.
Qxa7 Qb4 15. Kh1 Bc5 16. Qb8 Bd6 17. Qa7 Re8 18. a3 Qc5 19. Qxc5 Bxc5 20. b4
Bd4 21. Rb1 Nf2+ 22. Kg1 Nh3+ 23. Kh1 Nf2+ 24. Kg1 Nd3+ 25. Kh1 Be6 26. Bb2
Bxb2 27. Nb6 Bd4 28. Na4 Ba2 29. Nc5 Bxb1 30. Rxb1 Nxc5 31. bxc5 Bxc5 32. h3 b6
0-1

[Event "Pilsen Open 2025 - B INGEM IM Round Robi"]
[Site "Parkhotel Plzen ****, Plzen"]
[Date "2025.03.17"]
[Round "3.1"]
[White "Nemitz, Alfred"]
[Black "Plischki, Sebastian"]
[Result "1-0"]
[WhiteElo "2264"]
[BlackElo "2311"]
[PlyCount "145"]
[EventDate "2025.03.15"]

1. e4 c6 2. d4 d5 3. e5 Bf5 4. h4 h5 5. c4 e6 6. Nc3 Ne7 7. Be3 dxc4 8. Bxc4
Nd7 9. Nge2 Nb6 10. Bd3 Bxd3 11. Qxd3 Nf5 12. O-O-O Nd5 13. Kb1 Be7 14. g3
Nxc3+ 15. bxc3 Qa5 16. Nc1 O-O-O 17. Nb3 Qa4 18. Bg5 b6 19. Rd2 c5 20. Qf3 Bxg5
21. hxg5 c4 22. Nc1 g6 23. Ne2 Kc7 24. Rb2 Qc6 25. Qxc6+ Kxc6 26. Rb4 b5 27. a4
a6 28. Kc2 Rb8 29. Nf4 Ne7 30. Kd2 Nd5 31. Nxd5 Kxd5 32. Rh4 Rhc8 33. Rf4 Rc7
34. Kc2 Ra7 35. a5 Rh8 36. Kb2 Rb7 37. Ka3 Rc7 38. Rb1 Kc6 39. Kb4 Rf8 40. Rd1
Kd5 41. Rh1 Kc6 42. Rf6 Rd8 43. Rh4 Kd5 44. f3 Kc6 45. Rhf4 Rdd7 46. Rh4 Rd8
47. Rff4 Kd5 48. Rh2 Kc6 49. Rh1 Kd5 50. Rhh4 Kc6 51. g4 hxg4 52. Rfxg4 Kb7 53.
Rh7 Kc6 54. Rgh4 Kb7 55. Rf4 Rdd7 56. Rf6 Ka7 57. Rh8 Kb7 58. Rf8 Kc6 59. Ra8
Ra7 60. Rb8 Rab7 61. Rf8 Rbc7 62. Rh8 Rb7 63. Rf4 Rbc7 64. Rf8 Kb7 65. Rh8 Kc6
66. Ra8 Ra7 67. Rf8 Rac7 68. Rh4 Kb7 69. Rhh8 Rc6 70. Rb8+ Ka7 71. Ra8+ Kb7 72.
Rhb8+ Kc7 73. Rc8+ 1-0

[Event "Pilsen Open 2025 - B INGEM IM Round Robi"]
[Site "Parkhotel Plzen ****, Plzen"]
[Date "2025.03.17"]
[Round "3.2"]
[White "Avadhoot, Lokesh Bhakti Brahme"]
[Black "Boehme, Sebastian"]
[Result "0-1"]
[WhiteElo "2001"]
[BlackElo "2271"]
[PlyCount "78"]
[EventDate "2025.03.15"]

1. d4 Nf6 2. Nf3 g6 3. Bf4 Bg7 4. Nc3 d5 5. h3 O-O 6. e3 c5 7. Be2 cxd4 8. exd4
Nc6 9. O-O Be6 10. Bd3 Rc8 11. Re1 Nb4 12. a3 Nxd3 13. cxd3 h6 14. Be5 g5 15.
Qd2 Bf5 16. b4 Qd7 17. Rac1 Bg6 18. Bh2 Ne8 19. Ne5 Bxe5 20. Rxe5 e6 21. Ree1
Nd6 22. g4 Nb5 23. Nxb5 Qxb5 24. Rxc8 Rxc8 25. Rc1 Rc6 26. Rxc6 bxc6 27. Be5
Kh7 28. h4 gxh4 29. Qf4 f5 30. gxf5 Bxf5 31. Qxh4 Qxd3 32. Qe7+ Kg6 33. Qf6+
Kh5 34. Bf4 Kg4 35. Qxh6 Qxd4 36. Be3 Qa1+ 37. Kh2 Kf3 38. Qf4+ Ke2 39. Bxa7
Qh8+ 0-1

[Event "Pilsen Open 2025 - B INGEM IM Round Robi"]
[Site "Parkhotel Plzen ****, Plzen"]
[Date "2025.03.17"]
[Round "3.3"]
[White "Shatil, Or"]
[Black "Arias Gaviria, Mario Alexis"]
[Result "1/2-1/2"]
[WhiteElo "2224"]
[BlackElo "2284"]
[PlyCount "109"]
[EventDate "2025.03.15"]

1. e4 Nc6 2. d4 d5 3. e5 Bf5 4. Nf3 e6 5. Bd3 Bxd3 6. Qxd3 Qd7 7. a3 f6 8. O-O
O-O-O 9. b4 fxe5 10. dxe5 Nge7 11. Nbd2 Ng6 12. Re1 d4 13. b5 Nce7 14. Nb3 Nf5
15. Bb2 Nf4 16. Qe4 g5 17. Nbxd4 Nxd4 18. Nxd4 Bc5 19. Rad1 Bxd4 20. Rxd4 Qxb5
21. Rb4 Qd5 22. Qxd5 Rxd5 23. h4 a5 24. Rbe4 Rd2 25. hxg5 Rxc2 26. Rxf4 Rxb2
27. Rf6 Re8 28. Rf7 Rg8 29. Rxh7 Rxg5 30. Rh6 Rf5 31. f3 Rb5 32. Rd1 c6 33.
Rxe6 Rfxe5 34. Rxe5 Rxe5 35. Kf2 b5 36. g4 Rd5 37. Re1 b4 38. axb4 axb4 39. f4
c5 40. g5 Rd6 41. Rc1 Rc6 42. f5 Kd7 43. Re1 c4 44. Kf3 b3 45. g6 b2 46. g7 Rc8
47. f6 b1=Q 48. Rxb1 Ke6 49. Rb6+ Kf7 50. Kf4 c3 51. Kg5 Rc5+ 52. Kh4 Rc8 53.
Rb7+ Kxf6 54. Rc7 Rg8 55. Rxc3 1/2-1/2

[Event "Pilsen Open 2025 - B INGEM IM Round Robi"]
[Site "Parkhotel Plzen ****, Plzen"]
[Date "2025.03.17"]
[Round "3.4"]
[White "Vaculik, Jakub"]
[Black "Keyser, Robin"]
[Result "1/2-1/2"]
[WhiteElo "2259"]
[BlackElo "2167"]
[PlyCount "83"]
[EventDate "2025.03.15"]

1. d4 d5 2. Nf3 Nf6 3. c4 e6 4. Bg5 dxc4 5. Qa4+ c6 6. Qxc4 b5 7. Qc2 Bb7 8.
Nbd2 Nbd7 9. e3 Qb6 10. a4 a6 11. Be2 Be7 12. O-O O-O 13. Rfc1 c5 14. Ne5 Rfd8
15. Bxf6 gxf6 16. Nxd7 Rxd7 17. axb5 cxd4 18. bxa6 Bxa6 19. Bxa6 Rda7 20. Qc6
Bd8 21. exd4 Rxa6 22. Rxa6 Rxa6 23. Qxb6 Bxb6 24. Nf3 Ra4 25. Rd1 Ra2 26. Rb1
Ra4 27. b4 Ra2 28. b5 Kf8 29. Ne1 Bxd4 30. g3 Bxf2+ 31. Kf1 Bxe1 32. Kxe1 Rxh2
33. Rb4 Rc2 34. Kd1 Rc7 35. b6 Rb7 36. Kc2 Ke7 37. Kb3 Kd8 38. Ka4 Kc8 39. Kb5
Rd7 40. Ka6 Rd3 41. Rc4+ Kb8 42. Rc7 1/2-1/2

[Event "Pilsen Open 2025 - B INGEM IM Round Robi"]
[Site "Parkhotel Plzen ****, Plzen"]
[Date "2025.03.17"]
[Round "3.5"]
[White "Michalek, Jan"]
[Black "Filgueiras, Nathan Felipe"]
[Result "0-1"]
[WhiteElo "2229"]
[BlackElo "2325"]
[PlyCount "150"]
[EventDate "2025.03.15"]

1. e4 e5 2. Nf3 Nc6 3. Bb5 a6 4. Ba4 Nge7 5. c3 Ng6 6. d4 exd4 7. cxd4 Bb4+ 8.
Nc3 d5 9. exd5 Bxc3+ 10. bxc3 Qxd5 11. Qe2+ Qe6 12. Qxe6+ Bxe6 13. Bxc6+ bxc6
14. O-O O-O 15. Re1 Bd5 16. Ne5 Rfe8 17. Bd2 Nxe5 18. Rxe5 Rxe5 19. dxe5 Rb8
20. Be3 Bxa2 21. h4 Bc4 22. Ra4 Bb5 23. Rd4 c5 24. Rd2 Re8 25. Rd5 c4 26. f4 f6
27. Bd4 f5 28. Bc5 Kf7 29. Kf2 Ke6 30. Rd4 a5 31. Rd2 Rb8 32. Rb2 Rb7 33. Ke3
Bc6 34. Rxb7 Bxb7 35. Kd4 Bxg2 36. Kxc4 Bf1+ 37. Kd4 Bb5 38. Ba3 Be8 39. Bc5
Bb5 40. Ba3 Ba4 41. Bc5 Bd7 42. Ba3 a4 43. Bc5 Kf7 44. Ke3 Kg6 45. Kf2 Be6 46.
Ba3 Kh5 47. Kg3 Bc4 48. Bb4 Ba2 49. Ba3 Bb3 50. Bc1 h6 51. Ba3 Bc4 52. Bc1 Ba2
53. Ba3 Bg8 54. Bc1 Be6 55. Ba3 g5 56. hxg5 hxg5 57. fxg5 Kxg5 58. Be7+ Kg6 59.
Kf4 Kf7 60. Ba3 Bd7 61. Bb2 Ke6 62. c4 Bc8 63. Ke3 Bb7 64. Bc3 a3 65. Ba1 a2
66. Bb2 Be4 67. Ba1 Bg2 68. Bb2 Bf1 69. Kd4 Be2 70. Ba1 f4 71. Ke4 f3 72. Ke3
Kf5 73. Kf2 Ke4 74. e6 Bxc4 75. e7 Bf7 0-1

[Event "Pilsen Open 2025 - B INGEM IM Round Robi"]
[Site "Parkhotel Plzen ****, Plzen"]
[Date "2025.03.18"]
[Round "4.1"]
[White "Plischki, Sebastian"]
[Black "Filgueiras, Nathan Felipe"]
[Result "1/2-1/2"]
[WhiteElo "2311"]
[BlackElo "2325"]
[PlyCount "20"]
[EventDate "2025.03.15"]

1. d4 Nf6 2. c4 e6 3. Nc3 d5 4. Bg5 Be7 5. e3 O-O 6. Nf3 h6 7. Bh4 b6 8. Qb3
Bb7 9. Bxf6 Bxf6 10. cxd5 exd5 1/2-1/2

[Event "Pilsen Open 2025 - B INGEM IM Round Robi"]
[Site "Parkhotel Plzen ****, Plzen"]
[Date "2025.03.18"]
[Round "4.2"]
[White "Keyser, Robin"]
[Black "Michalek, Jan"]
[Result "1/2-1/2"]
[WhiteElo "2167"]
[BlackElo "2229"]
[PlyCount "20"]
[EventDate "2025.03.15"]

1. d4 Nf6 2. Nf3 d6 3. g3 g6 4. Bg2 Bg7 5. c4 O-O 6. Nc3 Nc6 7. d5 Na5 8. b3 c6
9. Bb2 Bd7 10. O-O Rc8 1/2-1/2

[Event "Pilsen Open 2025 - B INGEM IM Round Robi"]
[Site "Parkhotel Plzen ****, Plzen"]
[Date "2025.03.18"]
[Round "4.3"]
[White "Arias Gaviria, Mario Alexis"]
[Black "Vaculik, Jakub"]
[Result "1/2-1/2"]
[WhiteElo "2284"]
[BlackElo "2259"]
[PlyCount "82"]
[EventDate "2025.03.15"]

1. d4 Nf6 2. Nf3 d5 3. e3 c6 4. c4 e6 5. Bd3 Nbd7 6. O-O dxc4 7. Bxc4 b5 8. Bd3
a6 9. a4 Bb7 10. Qe2 Nb6 11. axb5 axb5 12. Rxa8 Qxa8 13. e4 Be7 14. b3 b4 15.
Be3 Nbd7 16. Rc1 O-O 17. Nbd2 Rc8 18. Bg5 c5 19. d5 Nf8 20. Nc4 Qa7 21. d6 Bd8
22. Nfd2 N6d7 23. Bf4 Ng6 24. g3 e5 25. Be3 Ngf8 26. Qh5 g6 27. Qd1 Ra8 28. Nf3
Bf6 29. h4 Ne6 30. h5 Bc6 31. Nh2 Qb7 32. Ng4 Bg7 33. h6 Bh8 34. Qc2 Ra7 35.
Nd2 Bb5 36. Bc4 Bxc4 37. Qxc4 Qa6 38. Qd5 Nb6 39. Qc6 Nd7 40. Qd5 Nb6 41. Qc6
Nd7 1/2-1/2

[Event "Pilsen Open 2025 - B INGEM IM Round Robi"]
[Site "Parkhotel Plzen ****, Plzen"]
[Date "2025.03.18"]
[Round "4.4"]
[White "Boehme, Sebastian"]
[Black "Shatil, Or"]
[Result "1/2-1/2"]
[WhiteElo "2271"]
[BlackElo "2224"]
[PlyCount "36"]
[EventDate "2025.03.15"]

1. d4 d5 2. Nf3 Nf6 3. g3 c5 4. Bg2 cxd4 5. O-O h6 6. b3 e6 7. Bb2 Bc5 8. Bxd4
Bxd4 9. Qxd4 Nc6 10. Qb2 Rb8 11. c4 dxc4 12. Na3 cxb3 13. Rfd1 Bd7 14. Nb5 O-O
15. axb3 Qb6 16. Nd6 Rfd8 17. Nd2 Be8 18. N2c4 Qc5 1/2-1/2

[Event "Pilsen Open 2025 - B INGEM IM Round Robi"]
[Site "Parkhotel Plzen ****, Plzen"]
[Date "2025.03.18"]
[Round "4.5"]
[White "Nemitz, Alfred"]
[Black "Avadhoot, Lokesh Bhakti Brahme"]
[Result "1-0"]
[WhiteElo "2264"]
[BlackElo "2001"]
[PlyCount "73"]
[EventDate "2025.03.15"]

1. e4 Nc6 2. Nf3 d6 3. d4 Nf6 4. Nc3 e5 5. Bb5 Bd7 6. O-O Nxd4 7. Nxd4 exd4 8.
Qxd4 Bxb5 9. Nxb5 a6 10. e5 axb5 11. exf6 Qxf6 12. Qe4+ Be7 13. Qxb7 O-O 14.
Qxb5 Qe6 15. a4 Bf6 16. c3 Rfb8 17. Qc6 Qc8 18. Re1 Qb7 19. Qxb7 Rxb7 20. Ra3
h5 21. b4 d5 22. Bd2 Rba7 23. a5 c5 24. Kf1 d4 25. cxd4 cxb4 26. Bxb4 Bxd4 27.
Rd1 Bf6 28. Rd5 Rb7 29. Ra4 Rab8 30. Bd2 h4 31. a6 Rb1+ 32. Ke2 Kf8 33. a7 Ra8
34. Be3 Ke7 35. Re4+ Kf8 36. Rd7 Bd8 37. Bc5+ 1-0

[Event "Pilsen Open 2025 - B INGEM IM Round Robi"]
[Site "Parkhotel Plzen ****, Plzen"]
[Date "2025.03.18"]
[Round "5.1"]
[White "Avadhoot, Lokesh Bhakti Brahme"]
[Black "Plischki, Sebastian"]
[Result "1-0"]
[WhiteElo "2001"]
[BlackElo "2311"]
[PlyCount "57"]
[EventDate "2025.03.15"]

1. e4 c5 2. Nf3 d6 3. d4 cxd4 4. Nxd4 Nf6 5. Nc3 g6 6. Be3 a6 7. h3 Nc6 8. g4
Nxd4 9. Qxd4 Bg7 10. O-O-O O-O 11. Qd2 Be6 12. Kb1 Qc7 13. Bh6 Bxh6 14. Qxh6
Rfc8 15. Bg2 Qa5 16. Qd2 Rc4 17. Nd5 Qxd2 18. Nxf6+ Kg7 19. Rxd2 Kxf6 20. f4
Rc7 21. g5+ Kg7 22. h4 Bg4 23. Bh3 Bf3 24. Bg2 Bxg2 25. Rxg2 Rc4 26. Re2 h6 27.
gxh6+ Kxh6 28. h5 gxh5 29. Rg2 1-0

[Event "Pilsen Open 2025 - B INGEM IM Round Robi"]
[Site "Parkhotel Plzen ****, Plzen"]
[Date "2025.03.18"]
[Round "5.2"]
[White "Shatil, Or"]
[Black "Nemitz, Alfred"]
[Result "1/2-1/2"]
[WhiteElo "2224"]
[BlackElo "2264"]
[PlyCount "77"]
[EventDate "2025.03.15"]

1. e4 e5 2. Nf3 Nc6 3. Nc3 Nf6 4. d4 exd4 5. Nxd4 Bb4 6. Nxc6 bxc6 7. Bd3 d5 8.
exd5 O-O 9. O-O Bg4 10. f3 Bh5 11. dxc6 Qd4+ 12. Kh1 Bxc3 13. bxc3 Qxc3 14. Rb1
Bg6 15. Bb5 Rfd8 16. Qe2 Nd5 17. Bg5 f6 18. Bd2 Qxc2 19. Bc4 Kh8 20. Rbc1 Qb2
21. Rfd1 Nb6 22. Bc3 Qxe2 23. Bxe2 Be8 24. Be1 Rxd1 25. Bxd1 Rd8 26. Bg3 Bxc6
27. Bxc7 Re8 28. Bb3 Bd5 29. Bxb6 Bxb3 30. axb3 axb6 31. Kg1 Kg8 32. Rc6 b5 33.
Rb6 Re5 34. Rb7 h5 35. h4 Kh7 36. Kf2 Kh6 37. g3 g5 38. hxg5+ fxg5 39. Rb6+
1/2-1/2

[Event "Pilsen Open 2025 - B INGEM IM Round Robi"]
[Site "Parkhotel Plzen ****, Plzen"]
[Date "2025.03.18"]
[Round "5.3"]
[White "Vaculik, Jakub"]
[Black "Boehme, Sebastian"]
[Result "1/2-1/2"]
[WhiteElo "2259"]
[BlackElo "2271"]
[PlyCount "232"]
[EventDate "2025.03.15"]

1. d4 Nf6 2. Nf3 g6 3. Bg5 Bg7 4. Nbd2 c5 5. c3 cxd4 6. cxd4 d5 7. e3 h6 8. Bf4
Nc6 9. Bd3 O-O 10. h3 Nd7 11. O-O e5 12. dxe5 Ndxe5 13. Nxe5 Nxe5 14. Be2 g5
15. Bg3 Bf5 16. Qb3 Qb6 17. Bxe5 Qxb3 18. Nxb3 Bxe5 19. Nd4 Be4 20. Rac1 a6 21.
Rfd1 Rac8 22. b3 Rfe8 23. Bg4 Rxc1 24. Rxc1 Kg7 25. Rc8 Re7 26. Rd8 Kg6 27.
Rg8+ Kh7 28. Rd8 Kg6 29. Rg8+ Kf6 30. Rd8 Rc7 31. Rc8 a5 32. g3 b6 33. Rxc7
Bxc7 34. f4 Bd6 35. Kf2 Bb1 36. a4 Bc5 37. Bf3 gxf4 38. gxf4 Bxd4 39. exd4 Ke6
40. Bg4+ Kf6 41. Bf3 Ke6 42. Bg4+ Kd6 43. Bd1 Be4 44. Kg3 Ke6 45. Bg4+ Kf6 46.
Bf3 h5 47. Kf2 Ke6 48. Bd1 h4 49. Bg4+ Kf6 50. Bf3 Ke6 51. Bg4+ Kd6 52. Bd1 Bf5
53. Kg2 Kc6 54. Kh2 Kc7 55. Kg2 Kd6 56. Kh2 Be4 57. Kg1 Ke7 58. Kf2 Bf5 59. Kg2
Kd6 60. Kh2 Kc7 61. Bf3 Kc6 62. Bd1 b5 63. Kg2 Kb6 64. Be2 bxa4 65. bxa4 Bd7
66. Bd1 Kc7 67. Bb3 Kd6 68. Bd1 Bf5 69. Bb3 Ke6 70. Bd1 Be4+ 71. Kf2 Bd3 72.
Bg4+ Ke7 73. Be2 Bf5 74. Kg2 Bd7 75. Bd1 Kf6 76. Bc2 Kg7 77. Bb3 Kg6 78. Bd1
Bf5 79. Be2 Bc2 80. Bb5 Kf5 81. Kf3 Bd1+ 82. Ke3 Bc2 83. Bd7+ Kf6 84. Kf3 Bd1+
85. Kf2 Kg6 86. Ke3 Kf6 87. Kf2 Ke7 88. Bb5 Ke6 89. Ke3 Bb3 90. Kf3 Bd1+ 91.
Ke3 f6 92. Kf2 Bc2 93. Kf3 Bf5 94. Kg2 Kf7 95. Bc6 Be4+ 96. Kf2 Ke6 97. Bb5 Kf5
98. Ke3 Kg6 99. Kf2 Bc2 100. Bd7 Bb3 101. Kf3 Bd1+ 102. Kf2 Kf7 103. Bb5 Ke6
104. Ke3 Bh5 105. Kf2 Bd1 106. Ke3 Bb3 107. Kf3 Bc4 108. Bc6 f5 109. Kg2 Kd6
110. Be8 Ba6 111. Kf2 Bd3 112. Kg2 Kc7 113. Kf2 Kd8 114. Bc6 Bc4 115. Kg2 Ke7
116. Kf2 Kd6 1/2-1/2

[Event "Pilsen Open 2025 - B INGEM IM Round Robi"]
[Site "Parkhotel Plzen ****, Plzen"]
[Date "2025.03.18"]
[Round "5.4"]
[White "Michalek, Jan"]
[Black "Arias Gaviria, Mario Alexis"]
[Result "0-1"]
[WhiteElo "2229"]
[BlackElo "2284"]
[PlyCount "74"]
[EventDate "2025.03.15"]

1. e4 c5 2. Nf3 a6 3. c3 d5 4. exd5 Qxd5 5. d4 e6 6. Be3 Nf6 7. Be2 cxd4 8.
cxd4 Bb4+ 9. Nc3 Qd6 10. O-O O-O 11. Qb3 Nc6 12. Rfd1 Bd7 13. Bg5 Na5 14. Qc2
Nd5 15. Ne4 Qc6 16. Qb1 f6 17. a3 Nb3 18. Ra2 Be7 19. Bd3 Rac8 20. Ned2 Nc1 21.
Bxh7+ Kh8 22. Ra1 Ne2+ 23. Kh1 Nec3 24. bxc3 Nxc3 25. Qd3 Nxd1 26. Rxd1 Qa4 27.
Re1 Qxa3 28. Qe4 fxg5 29. Ne5 Be8 30. Bg6 Rf4 31. Qe2 Kg8 32. Ndc4 Qc3 33. Bxe8
Rxe8 34. Ng6 Rf6 35. Nce5 Bd6 36. Rd1 Bxe5 37. Nxe5 Rd8 0-1

[Event "Pilsen Open 2025 - B INGEM IM Round Robi"]
[Site "Parkhotel Plzen ****, Plzen"]
[Date "2025.03.18"]
[Round "5.5"]
[White "Filgueiras, Nathan Felipe"]
[Black "Keyser, Robin"]
[Result "0-1"]
[WhiteElo "2325"]
[BlackElo "2167"]
[PlyCount "44"]
[EventDate "2025.03.15"]

1. e4 c6 2. d4 d5 3. e5 Bf5 4. Be2 e6 5. Nf3 c5 6. Be3 cxd4 7. Nxd4 Ne7 8. h4
h5 9. Bg5 Qb6 10. Bxe7 Bxe7 11. Nxf5 exf5 12. Nc3 d4 13. Bb5+ Kf8 14. Bc4 Qc5
15. Qe2 dxc3 16. O-O-O Qb4 17. Bb3 Nc6 18. Rd7 Nd4 19. Qd3 Nxb3+ 20. axb3 cxb2+
21. Kxb2 Qa3+ 22. Kb1 Rh6 0-1

[Event "Pilsen Open 2025 - B INGEM IM Round Robi"]
[Site "Parkhotel Plzen ****, Plzen"]
[Date "2025.03.19"]
[Round "6.1"]
[White "Plischki, Sebastian"]
[Black "Keyser, Robin"]
[Result "0-1"]
[WhiteElo "2311"]
[BlackElo "2167"]
[PlyCount "60"]
[EventDate "2025.03.15"]

1. d4 d5 2. c4 e6 3. Nc3 Nf6 4. cxd5 Nxd5 5. e4 Nxc3 6. bxc3 c5 7. Nf3 cxd4 8.
cxd4 Bb4+ 9. Bd2 Bxd2+ 10. Qxd2 O-O 11. h4 b6 12. Rd1 Bb7 13. Bd3 h6 14. O-O
Nd7 15. Rfe1 Rc8 16. Bb1 Re8 17. Re3 Qc7 18. d5 exd5 19. exd5 Rxe3 20. fxe3 Qc5
21. Kh1 Nf6 22. e4 Ng4 23. Re1 Nf2+ 24. Kh2 Ng4+ 25. Kg3 h5 26. Qd4 Qd6+ 27.
Kh3 Rc4 28. Qd2 Bc8 29. g3 Ne5+ 30. Kg2 Bh3+ 0-1

[Event "Pilsen Open 2025 - B INGEM IM Round Robi"]
[Site "Parkhotel Plzen ****, Plzen"]
[Date "2025.03.19"]
[Round "6.2"]
[White "Arias Gaviria, Mario Alexis"]
[Black "Filgueiras, Nathan Felipe"]
[Result "1/2-1/2"]
[WhiteElo "2284"]
[BlackElo "2325"]
[PlyCount "140"]
[EventDate "2025.03.15"]

1. d4 Nf6 2. c4 e6 3. g3 d5 4. Nf3 Bb4+ 5. Bd2 Be7 6. Bg2 O-O 7. O-O c6 8. Qc2
Nbd7 9. b4 b6 10. a4 Bb7 11. a5 Ba6 12. Ne5 Nxe5 13. dxe5 Ne8 14. axb6 axb6 15.
b5 Bb7 16. Rxa8 Bxa8 17. cxd5 c5 18. e4 exd5 19. exd5 Bxd5 20. Bxd5 Qxd5 21.
Nc3 Qb7 22. Qd3 g6 23. Qd5 Qc8 24. Ra1 Ng7 25. Ra7 Nf5 26. Qc6 Qb8 27. Qc7 Qxc7
28. Rxc7 Rd8 29. Be1 Ra8 30. Kg2 Bd8 31. Rb7 Nd4 32. Bd2 Kg7 33. Nd5 Ra2 34.
Be3 Ne6 35. Nxb6 Bxb6 36. Rxb6 Rb2 37. Rb8 g5 38. Kf3 Nd4+ 39. Bxd4 cxd4 40.
Ke4 Rxf2 41. Kxd4 Rxh2 42. b6 Rb2 43. Kc5 h5 44. Ra8 h4 45. g4 h3 46. Ra1 h2
47. Kc6 Rc2+ 48. Kd7 Rd2+ 49. Kc7 Rc2+ 50. Kb8 Ra2 51. Rh1 Kf8 52. b7 Ke7 53.
Rc1 Kd7 54. Rh1 Kd8 55. Rd1+ Ke7 56. Rf1 Ke6 57. Kc7 Rc2+ 58. Kd8 Rd2+ 59. Kc8
Rc2+ 60. Kd8 Rd2+ 61. Kc7 Rc2+ 62. Kb6 Rb2+ 63. Kc6 Rc2+ 64. Kb6 Rb2+ 65. Ka7
Ra2+ 66. Kb8 Re2 67. Rc1 Kd7 68. Rb1 Kd8 69. Rf1 Ke7 70. Rd1 Ke6 1/2-1/2

[Event "Pilsen Open 2025 - B INGEM IM Round Robi"]
[Site "Parkhotel Plzen ****, Plzen"]
[Date "2025.03.19"]
[Round "6.3"]
[White "Boehme, Sebastian"]
[Black "Michalek, Jan"]
[Result "1-0"]
[WhiteElo "2271"]
[BlackElo "2229"]
[PlyCount "87"]
[EventDate "2025.03.15"]

1. d4 d6 2. Nf3 g6 3. c4 Bg7 4. Nc3 Nf6 5. e4 O-O 6. Be2 e5 7. Be3 h6 8. d5 Ng4
9. Bd2 f5 10. O-O Na6 11. exf5 gxf5 12. g3 Qe8 13. Nh4 Nf6 14. a3 Bd7 15. b4
Rd8 16. Nb5 f4 17. Re1 Qf7 18. gxf4 Ne4 19. Bh5 Qf6 20. Ng6 Nxd2 21. Nxf8 Rxf8
22. Qxd2 Qh4 23. Bf3 Rxf4 24. Bg2 Rxc4 25. Nc3 e4 26. Ne2 Bxa1 27. Rxa1 Qf6 28.
Re1 c5 29. Ng3 cxb4 30. Nxe4 Qg6 31. Re3 Rxe4 32. Rxe4 Bh3 33. f4 bxa3 34. Re2
Bg4 35. f5 Bxf5 36. Re3 a2 37. Qxa2 Qf6 38. Rg3+ Kh7 39. Qf2 Nc5 40. Re3 Kg6
41. h4 Bg4 42. Bf3 Bxf3 43. Rxf3 Qe7 44. Rg3+ 1-0

[Event "Pilsen Open 2025 - B INGEM IM Round Robi"]
[Site "Parkhotel Plzen ****, Plzen"]
[Date "2025.03.19"]
[Round "6.4"]
[White "Nemitz, Alfred"]
[Black "Vaculik, Jakub"]
[Result "1-0"]
[WhiteElo "2264"]
[BlackElo "2259"]
[PlyCount "161"]
[EventDate "2025.03.15"]

1. e4 e6 2. d4 d5 3. Bd3 c5 4. exd5 Qxd5 5. Nc3 Qxd4 6. Nb5 Qd8 7. Bf4 Na6 8.
Qe2 Nf6 9. O-O-O Qb6 10. Nf3 Be7 11. Nd6+ Bxd6 12. Bb5+ Bd7 13. Bxd7+ Nxd7 14.
Rxd6 Qb4 15. Bg5 Nc7 16. Rhd1 Nf6 17. Qe5 O-O 18. Bxf6 gxf6 19. Qxf6 Qg4 20.
Rd7 Rac8 21. Rxf7 Rxf7 22. Qxf7+ Kxf7 23. Ne5+ Ke7 24. Nxg4 Nd5 25. g3 c4 26.
c3 b5 27. Ne5 Kf6 28. f4 h5 29. Kd2 h4 30. Ke2 b4 31. Ng4+ Kf5 32. Ne3+ Nxe3
33. Kxe3 bxc3 34. bxc3 Rb8 35. Rd7 Rb2 36. Rxa7 Rxh2 37. gxh4 Rxh4 38. Ra5+ Kf6
39. a4 Rh3+ 40. Kd4 Rh4 41. Kxc4 e5 42. Ra8 Ke7 43. a5 Kd7 44. Kb5 exf4 45. Rf8
Kc7 46. c4 Rh1 47. Rxf4 Rb1+ 48. Kc5 Rh1 49. Rf7+ Kb8 50. Kb5 Rh2 51. Re7 Rh1
52. c5 Rh6 53. a6 Rg6 54. Rd7 Rh6 55. c6 Rh1 56. c7+ Kc8 57. a7 Rb1+ 58. Kc4
Rc1+ 59. Kd3 Rd1+ 60. Kc2 Rxd7 61. a8=Q+ Kxc7 62. Kc3 Kd6 63. Kd4 Ke6+ 64. Ke4
Kd6 65. Qd5+ Ke7 66. Qe5+ Kf7 67. Kf5 Re7 68. Qb8 Rd7 69. Qe5 Re7 70. Qd6 Ke8
71. Qc6+ Kf7 72. Qc8 Kg7 73. Qd8 Rf7+ 74. Kg5 Kh7 75. Qd4 Rg7+ 76. Kf6 Kg8 77.
Qd8+ Kh7 78. Qe8 Rg1 79. Qd7+ Kh8 80. Qc8+ Kh7 81. Qc7+ 1-0

[Event "Pilsen Open 2025 - B INGEM IM Round Robi"]
[Site "Parkhotel Plzen ****, Plzen"]
[Date "2025.03.19"]
[Round "6.5"]
[White "Avadhoot, Lokesh Bhakti Brahme"]
[Black "Shatil, Or"]
[Result "1/2-1/2"]
[WhiteElo "2001"]
[BlackElo "2224"]
[PlyCount "30"]
[EventDate "2025.03.15"]

1. e4 c6 2. d4 d5 3. e5 c5 4. Nf3 cxd4 5. Nxd4 Nc6 6. Nxc6 bxc6 7. Bd3 e6 8.
O-O a5 9. Qe2 Ne7 10. Nd2 c5 11. c3 Ng6 12. g3 c4 13. Bc2 Bc5 14. Nf3 O-O 15.
h4 f6 1/2-1/2

[Event "Pilsen Open 2025 - B INGEM IM Round Robi"]
[Site "Parkhotel Plzen ****, Plzen"]
[Date "2025.03.20"]
[Round "7.1"]
[White "Shatil, Or"]
[Black "Plischki, Sebastian"]
[Result "1-0"]
[WhiteElo "2224"]
[BlackElo "2311"]
[PlyCount "77"]
[EventDate "2025.03.15"]

1. e4 c5 2. Nf3 d6 3. d4 cxd4 4. Nxd4 Nf6 5. Nc3 g6 6. Be3 a6 7. Be2 Nbd7 8.
Qd2 b5 9. f3 Bb7 10. a4 b4 11. Na2 e5 12. Nb3 d5 13. Nxb4 dxe4 14. O-O-O Be7
15. a5 O-O 16. h4 Qc7 17. Kb1 Rfc8 18. c3 exf3 19. gxf3 Rd8 20. Qc1 h5 21. Rhg1
Kg7 22. Rg3 Nc5 23. Nxc5 Bxc5 24. Bxc5 Qxc5 25. Rdg1 Qxa5 26. Rxg6+ fxg6 27.
Qg5 Kf7 28. Qxg6+ Ke6 29. Bc4+ Bd5 30. Nxd5 Rxd5 31. Rd1 Rad8 32. f4 e4 33. f5+
Ke5 34. Qg3+ Kxf5 35. Rf1+ Ke6 36. Qg7 Ng4 37. Qg6+ Kd7 38. Rf7+ Kc8 39. Qc6+
1-0

[Event "Pilsen Open 2025 - B INGEM IM Round Robi"]
[Site "Parkhotel Plzen ****, Plzen"]
[Date "2025.03.20"]
[Round "7.2"]
[White "Vaculik, Jakub"]
[Black "Avadhoot, Lokesh Bhakti Brahme"]
[Result "1-0"]
[WhiteElo "2259"]
[BlackElo "2001"]
[PlyCount "81"]
[EventDate "2025.03.15"]

1. d4 Nf6 2. c4 g6 3. Bg5 Bg7 4. Nc3 d5 5. Bxf6 Bxf6 6. cxd5 e6 7. dxe6 Bxe6 8.
e3 O-O 9. Be2 c5 10. Nf3 Nc6 11. dxc5 Qa5 12. O-O Bxc3 13. bxc3 Qxc3 14. Qc1
Qxc1 15. Rfxc1 Rfd8 16. Bb5 Bd5 17. Bxc6 Bxc6 18. Nd4 Rac8 19. f3 f5 20. Rc3
Kf7 21. a4 a6 22. a5 Rd7 23. Rb1 Bd5 24. Rb6 Rdc7 25. c6 Bxc6 26. Nxc6 bxc6 27.
Rxa6 Ke6 28. Rb6 Kd5 29. Kf2 Ra7 30. a6 Raa8 31. e4+ fxe4 32. fxe4+ Kxe4 33.
Rcxc6 Rxc6 34. Rxc6 Rb8 35. Rc4+ Kd5 36. Ra4 Ra8 37. a7 Kd6 38. Kf3 Ke5 39.
Ra5+ Kf6 40. Ke4 Ke6 41. Ra6+ 1-0